Cơ sở khoa học của việc nuôi vỗ thành thục và kỹ thuật sản xuất giống cá kết (Micronema bleekeri Gunther, 1864) (Luận án tiến sĩ. Ngành nuôi trồng thủy sản nước ngọt)

Cơ sở khoa học của việc nuôi vỗ thành thục và kỹ thuật sản xuất giống cá kết góp phần hoàn thiện quy trình sản xuất giống cá kết

محفوظ في:
التفاصيل البيبلوغرافية
المؤلف الرئيسي: Nguyễn, Văn Triều
التنسيق: كتاب
اللغة:Undetermined
منشور في: Cần Thơ Đại học Cần Thơ 2014
الموضوعات:
الوسوم: إضافة وسم
لا توجد وسوم, كن أول من يضع وسما على هذه التسجيلة!
Thư viện lưu trữ: Trung tâm Học liệu Trường Đại học Cần Thơ
LEADER 01133nam a2200217Ia 4500
001 CTU_198985
008 210402s9999 xx 000 0 und d
082 |a 639.3 
082 |b Tr309 
088 |a 62620301 
100 |a Nguyễn, Văn Triều 
245 0 |a Cơ sở khoa học của việc nuôi vỗ thành thục và kỹ thuật sản xuất giống cá kết (Micronema bleekeri Gunther, 1864) 
245 0 |b (Luận án tiến sĩ. Ngành nuôi trồng thủy sản nước ngọt) 
245 0 |c Nguyễn Văn Triều ; Nguyễn Anh Tuấn, Dương Nhựt Long (hướng dẫn khoa học) 
260 |a Cần Thơ 
260 |b Đại học Cần Thơ 
260 |c 2014 
520 |a Cơ sở khoa học của việc nuôi vỗ thành thục và kỹ thuật sản xuất giống cá kết góp phần hoàn thiện quy trình sản xuất giống cá kết 
650 |a Sản xuất cá giống,Kỹ thuật nuôi cá,Fish culture 
904 |i Nguyên 
980 |a Trung tâm Học liệu Trường Đại học Cần Thơ